A China Question Tour - Statistics

General Stats
  • This quiz has been taken 21 times
  • The average score is 16 of 32
Answer Stats
Hint Answer % Correct
Artificial Landmarks 1: Despite popular misconception, you cannot actually see these fortifications from space. Great Wall
93%
Cities 3: Major global financial center home to the Oriental Pearl TV Tower. Shanghai
93%
People 1: Philosopher who advocated systems such as filial piety; his teachings would become a major influence on much of East Asia. Confucius
87%
People 4: Leader behind the Great Leap Forward and the Cultural Revolution Mao Zedong
87%
Wildlife 1: Mascot of the World Wildlife Fund. Giant Panda
80%
Cities 1: When combined with Shenzhen, it is the largest city by population in the world. Guangzhou
80%
Events 4: Site of violent suppression of student protestors in Beijing. Tiananmen Square
80%
Events 2: Conflict with the British Empire that begun the Century of Humiliation. First Opium War
73%
Cities 2: "Southern capital" subject to Japanese war crimes. Nanjing
73%
People 3: Founder of the Republic of China, respected both in China and Taiwan. Sun Yat Sen
73%
Artificial Landmarks 3: Sculpted warriors built to guard the tomb of Qin Shi Huang Terracotta Warriors
73%
Artificial Landmarks 2: Palace complex built under the Yongle Emperor. Forbidden City
67%
Vocab 4: (Pronoun) 我 (wǒ) I, Me
67%
Cities 4: Capital of the Xinjiang Uyghur Autonomous Region Urumqi
67%
People 2: China's only legitimate empress, known for her ruthlessness. Wu Zhao
47%
Culture 1: Four heroes (and Zhu Bajie) take a fantastical journey to achieve enlightenment in this novel from the Ming Dynasty. Would the name "Sun Wukong" ring a bell? Journey to the West
40%
Wildlife 4: Scaly genus of mammals threatened by poaching and trade for illegal usage in medicine. Pangolin
40%
Wildlife 2: Smallest species of bear known for their lanky build. Sun Bear
40%
Vocab 3: (Adjective) 不良 (bùliáng) Bad
33%
Wildlife 3: Colossal amphibian endemic to the Yangtze River. Chinese Giant Salamander
33%
Vocab 1: (Noun) 老师 (lǎoshī) Teacher, Instructor
33%
Vocab 2: (Verb) 阅读 (yuèdú) To Read
33%
Natural Landmarks 1: Set in the Wulingyuan Scenic Area, these quartz-sandstone pillars are the remains of eroded mountains Zhangjiajie
33%
Natural Landmarks 4: National park known for colorful lakes. Jiuzhaigou National Park
27%
Culture 4: 2025's highest grossing animated film of all time, based on the novel "The Investiture of the Gods." Ne Zha 2
27%
Events 1: Rebellions against the Mongolian Yuan Dynasty led by Zhu Huangzhang Red Turban Rebellions
27%
Culture 2: Fictionalized account of the wars surrounding the fall of the Han Dynasty Romance of the Three Kingdoms
27%
Culture 3: Martial art developed in the Wudang Mountains. Tai Chi
27%
Natural Landmarks 2: Geopark known for colorful mountains Zhangye National Geopark
27%
Events 3: Massacre of communists under Chiang Kai Shek April 12 Purge
20%
Artificial Landmarks 4: Cave complex featuring thousands of statues. Longmen Grottoes
20%
Natural Landmarks 3: Canyon more than 10,000 meters deep with a feline's name. It is the home of the Naxi people. Tiger Leaping Gorge
20%
No matching quizzes found
Score Distribution
Percent of People with Each Score
Percentile by Number Answered
Your Score History
You have not taken this quiz